Estadísticas para Países más Poblados por Año

Haz click aquí para tomar la prueba!

Estadísticas generales

  • Esta prueba ha sido tomada 1.962 veces
  • La puntuación promedio es 21 de 30

Estadísticas de respuestas

AñoPaís% Correcto
1500, 1800, 1900, 1950, 2000, 2050China
100%
1900, 1950, 2000, 2050Estados Unidos
99%
1800Imperio Maratha
99%
1950, 2000, 2050India
99%
1800, 1900Imperio Ruso
96%
2000Rusia
96%
1950, 2000, 2050Brasil
95%
1500, 1800Imperio Español
95%
1500, 1800, 1900, 1950, 2000Japón
93%
1800, 1900, 1950Imperio Británico
92%
1500, 1800, 1900, 1950Imperio Francés
92%
1900Alemania
91%
1500Francia
91%
1950, 2000, 2050Indonesia
88%
1900Italia
83%
2000, 2050Nigeria
82%
1950, 2000, 2050Pakistán
78%
2000, 2050Bangladés
71%
2050Filipinas
58%
2050Etiopía
53%
1500, 1800Imperio Otomano
52%
1900Austria-Hungría
50%
1800Imperio Habsburgo
50%
1900Imperio Neerlandés
46%
1950Unión Soviética
44%
1500Mancomunidad de Polonia-Lituania
42%
1500Hungría y Croacia
23%
1500Imperio Inca
20%
1500Imperio Azteca
19%
1500, 1800Sacro Imperio Romano
19%

Distribución de puntuación

Porcentaje por número respondido

Porcentaje de gente con cada puntuación

Historial de tus puntuaciones

No has tomado esta prueba